000 00894nam a2200277 i 4500
003 EG-ScBUE
005 20260503094535.0
008 090521r20052002enka f 000 0 eng d
020 _a9780007207107
020 _a0007207107
040 _aEG-ScBUE
_beng
_erda
_cEG-ScBUE
_dEG-ScBUE
082 0 4 _222
_a510.3
_bBOR
100 1 _aBorowski, E. J.
_q(Ephraim J.)
_eauthor.
_94947
245 1 0 _aCollins dictionary of mathematics /
_cE.J. Borowski, J.M. Borwein.
250 _aSecond edition.
250 _aReprint edition.
264 1 _aLondon :
_bCollins,
_c2005.
300 _a641 pages :
_billustrations ;
_c20 cm
336 _2rdacontent
_atext
_btxt
337 _aunmediated
_2rdamedia
_bn
338 _avolume
_bnc
_2rdacarrier
650 7 _aMathematics
_vDictionaries.
_2BUEsh
_94948
655 _vReading book
700 1 _aBorwein, Jonathan M.,
_eauthor.
_94949
942 _2ddc
_cREFERENCE
999 _c11576
_d11576